Must Firms Adopt Environmental Accounting? Adoption Challenges in Nigeria
Skúmanie prečo je pre firmy osvojenie enviromentálneho účtovníctva výzvou. Vyjadrenie presvedčenia, že enviromentálne účtovníctvo je pre spoločnosti jedným z najdôležitejších prostriedkov, ktoré sa uplatňujú v komunikácii s vonkajším svetom.
Salvato in:
| Autore principale: | |
|---|---|
| Altri autori: | |
| Natura: | Capitolo di libro |
| Lingua: | inglese |
| Soggetti: | |
| Tags: |
Nessun Tag, puoi essere il primo ad aggiungerne!!
|
MARC
| LEADER | 00000naa a2200000 4500 | ||
|---|---|---|---|
| 001 | 0241019 | ||
| 005 | 20180312080807.0 | ||
| 041 | 0 | |a eng | |
| 044 | |a CZ | ||
| 245 | 1 | 0 | |a Must Firms Adopt Environmental Accounting? Adoption Challenges in Nigeria |c Egbunike Patrick Amaechi, Eze Maria Nwankwoeke |
| 520 | |a Skúmanie prečo je pre firmy osvojenie enviromentálneho účtovníctva výzvou. Vyjadrenie presvedčenia, že enviromentálne účtovníctvo je pre spoločnosti jedným z najdôležitejších prostriedkov, ktoré sa uplatňujú v komunikácii s vonkajším svetom. | ||
| 610 | 2 | 0 | |a účtovníctvo |
| 610 | 2 | 0 | |a environmentalistika |
| 610 | 2 | 0 | |a prostredie životné |
| 610 | 2 | 0 | |a prostredie podnikateľské |
| 610 | 2 | 0 | |a firmy |
| 610 | 2 | 0 | |a komunikácia |
| 610 | 2 | 0 | |a Nigéria |
| 100 | 1 | |a Amaechi, Egbunike Patrick | |
| 700 | 1 | |a Nwankwoeke, Eze Maria | |